Chansons de Théodora - Mort Subite - Statistiques

Statistiques générales
  • Ce quiz a été pris 1 198 fois
  • Le résultat moyen est 6 sur 21
Answers on the Grid
Answers color-coded by a green-red scale on the quiz's grid according to % correct below.
FNG
ZOU BISOU
GO!
Lolirock
JTM 1 PEU
Blues d'hiver
UN MEILLEUR NOUS
SORRY SORRY SO
KONGOLESE SOUS BBL
FASHION DESIGNA
HABIBA
LES OISEAUX RARES
C'est Normal
Dis-moi je t'aime
Mademoiselle
melodrama
MON CASQUE
Le Paradis se trouve dans le 93
Daddy chocolat
Rockstar
Doutes en boucle
FASHION DESIGNER
Hypnose Tropicale
Larme à gauche
BBL.00
AZAMAN
Clap Clap
FVCKED UP V
Si tu savais
246km/h
 
Statistiques - réponses
Réponse % Correct
ZOU BISOU
65%
KONGOLESE SOUS BBL
63%
FASHION DESIGNA
60%
melodrama
59%
GO!
37%
LES OISEAUX RARES
34%
Blues d'hiver
30%
MON CASQUE
29%
FNG
27%
UN MEILLEUR NOUS
27%
SORRY SORRY SO
26%
JTM 1 PEU
24%
Dis-moi je t'aime
18%
Le Paradis se trouve dans le 93
18%
HABIBA
16%
Doutes en boucle
13%
Mademoiselle
11%
Lolirock
10%
Daddy chocolat
9%
Rockstar
7%
C'est Normal
4%
Aucun quiz correspondant
Distribution des résultats
% des personnes avec chaque résultat
Percentile par nombre de réponses
Votre historique - résultats
Vous n’avez pas pris ce quiz